<?xml version="1.0" encoding="UTF-8"?>
<collection xmlns="http://www.loc.gov/MARC21/slim">
<record>
  <controlfield tag="001">204298</controlfield>
  <controlfield tag="005">20230827173149.0</controlfield>
  <datafield tag="024" ind1="7" ind2=" ">
    <subfield code="a">G:(EU-Grant)734485</subfield>
    <subfield code="d">734485</subfield>
    <subfield code="2">CORDIS</subfield>
  </datafield>
  <datafield tag="024" ind1="7" ind2=" ">
    <subfield code="a">G:(EU-Call)H2020-MSCA-RISE-2016</subfield>
    <subfield code="d">H2020-MSCA-RISE-2016</subfield>
    <subfield code="2">CORDIS</subfield>
  </datafield>
  <datafield tag="024" ind1="7" ind2=" ">
    <subfield code="a">corda__h2020::734485</subfield>
    <subfield code="2">originalID</subfield>
  </datafield>
  <datafield tag="035" ind1=" " ind2=" ">
    <subfield code="a">G:(EU-Grant)734485</subfield>
  </datafield>
  <datafield tag="150" ind1=" " ind2=" ">
    <subfield code="a">Fracture Across Scales and Materials, Processes and Disciplines</subfield>
    <subfield code="y">2017-09-01 - 2023-10-31</subfield>
  </datafield>
  <datafield tag="371" ind1=" " ind2=" ">
    <subfield code="a">Aston University</subfield>
    <subfield code="b">Aston University</subfield>
    <subfield code="d">United Kingdom</subfield>
    <subfield code="e">http://www.aston.ac.uk/</subfield>
    <subfield code="v">CORDIS</subfield>
  </datafield>
  <datafield tag="371" ind1=" " ind2=" ">
    <subfield code="a">University of Sheffield</subfield>
    <subfield code="b">University of Sheffield</subfield>
    <subfield code="d">United Kingdom</subfield>
    <subfield code="e">http://www.sheffield.ac.uk/</subfield>
    <subfield code="v">CORDIS</subfield>
  </datafield>
  <datafield tag="371" ind1=" " ind2=" ">
    <subfield code="a">COMPOSITE BRAIDING LIMITED</subfield>
    <subfield code="b">Composite Braiding Limited</subfield>
    <subfield code="d">United Kingdom</subfield>
    <subfield code="e">http://www.compositebraiding.com</subfield>
    <subfield code="v">CORDIS</subfield>
  </datafield>
  <datafield tag="371" ind1=" " ind2=" ">
    <subfield code="a">ADVANCED TECHNOLOGY PARTNERS SRL</subfield>
    <subfield code="d">Italy</subfield>
    <subfield code="v">CORDIS</subfield>
  </datafield>
  <datafield tag="371" ind1=" " ind2=" ">
    <subfield code="a">Uppsala University</subfield>
    <subfield code="b">Uppsala University</subfield>
    <subfield code="d">Sweden</subfield>
    <subfield code="e">https://www.uu.se/en/</subfield>
    <subfield code="v">CORDIS</subfield>
  </datafield>
  <datafield tag="371" ind1=" " ind2=" ">
    <subfield code="a">FRIEDRICH-ALEXANDER-UNIVERSITAET ERLANGEN NUERNBERG</subfield>
    <subfield code="b">FAU</subfield>
    <subfield code="d">Germany</subfield>
    <subfield code="e">http://www.uni-erlangen.de</subfield>
    <subfield code="v">CORDIS</subfield>
  </datafield>
  <datafield tag="371" ind1=" " ind2=" ">
    <subfield code="a">ESTIA CONSULTING &amp; ENGINEERING S.A.</subfield>
    <subfield code="b">ESTIA</subfield>
    <subfield code="d">Greece</subfield>
    <subfield code="e">http://www.estiaconsulting.gr</subfield>
    <subfield code="v">CORDIS</subfield>
  </datafield>
  <datafield tag="371" ind1=" " ind2=" ">
    <subfield code="a">Norwegian University of Science and Technology</subfield>
    <subfield code="b">NTNU</subfield>
    <subfield code="d">Norway</subfield>
    <subfield code="e">http://www.ntnu.edu</subfield>
    <subfield code="v">CORDIS</subfield>
  </datafield>
  <datafield tag="371" ind1=" " ind2=" ">
    <subfield code="a">UNIVERSITAET FUER BODENKULTUR WIEN</subfield>
    <subfield code="b">BOKU</subfield>
    <subfield code="d">Austria</subfield>
    <subfield code="e">http://www.boku.ac.at</subfield>
    <subfield code="v">CORDIS</subfield>
  </datafield>
  <datafield tag="371" ind1=" " ind2=" ">
    <subfield code="a">Polytechnic University of Turin</subfield>
    <subfield code="b">Polytechnic University of Turin</subfield>
    <subfield code="d">Italy</subfield>
    <subfield code="e">http://www.polito.it/</subfield>
    <subfield code="v">CORDIS</subfield>
  </datafield>
  <datafield tag="371" ind1=" " ind2=" ">
    <subfield code="a">OssDsign (Sweden)</subfield>
    <subfield code="b">OssDsign (Sweden)</subfield>
    <subfield code="d">Sweden</subfield>
    <subfield code="e">http://www.ossdsign.com/</subfield>
    <subfield code="v">CORDIS</subfield>
  </datafield>
  <datafield tag="371" ind1=" " ind2=" ">
    <subfield code="a">Ecole Nationale Supérieure des Mines de Paris</subfield>
    <subfield code="b">Chimie Paris Tech</subfield>
    <subfield code="d">France</subfield>
    <subfield code="e">http://www.chimieparistech.psl.eu</subfield>
    <subfield code="v">CORDIS</subfield>
  </datafield>
  <datafield tag="371" ind1=" " ind2=" ">
    <subfield code="a">ARISTOTELIO PANEPISTIMIO THESSALONIKIS</subfield>
    <subfield code="b">ARISTOTLE UNIVERSITY OF THESSALONIKI</subfield>
    <subfield code="d">Greece</subfield>
    <subfield code="e">http://www.auth.gr</subfield>
    <subfield code="v">CORDIS</subfield>
  </datafield>
  <datafield tag="371" ind1=" " ind2=" ">
    <subfield code="a">Charles University</subfield>
    <subfield code="b">Charles University</subfield>
    <subfield code="d">Czechia</subfield>
    <subfield code="e">http://www.cuni.cz/UKENG-1.html</subfield>
    <subfield code="v">CORDIS</subfield>
  </datafield>
  <datafield tag="372" ind1=" " ind2=" ">
    <subfield code="a">H2020-MSCA-RISE-2016</subfield>
    <subfield code="s">2017-09-01</subfield>
    <subfield code="t">2023-10-31</subfield>
  </datafield>
  <datafield tag="450" ind1=" " ind2=" ">
    <subfield code="a">FRAMED</subfield>
    <subfield code="w">d</subfield>
    <subfield code="y">2017-09-01 - 2023-10-31</subfield>
  </datafield>
  <datafield tag="510" ind1="1" ind2=" ">
    <subfield code="0">I:(DE-588b)5098525-5</subfield>
    <subfield code="a">European Union</subfield>
    <subfield code="2">CORDIS</subfield>
  </datafield>
  <datafield tag="680" ind1=" " ind2=" ">
    <subfield code="a">Fracture of materials is problematic across many disciplines and scales, from large building collapses and costly preventative engineering fixes to the personal injuries caused by bone fracture.  80–90% of all structural failures occur as a result of fatigue and thus fracture mechanisms.  Extensive testing of materials for fracture parameters before use in specific applications can be costly, wasteful and prohibitive when creating large structures. Computer models can be used to assess the probability and impact of fracture for a specific application and material, thus serving as a prediction tool. However, the models used are not accurate and reliable across multiple scales and across varying applications. 

Fracture across Scales and Materials, Processes and Disciplines (FRAMED) aims to develop a predictive modeling framework for fracture which will be applicable across multiple scales and materials, and across multiple disciplines and processes; the target audience for applications are designers in the engineering field.

FRAMED will utilise the Marie Skłodowska-Curie Research and Innovation Staff Exchange (MSCA-RISE) scheme to create a multi-disciplinary consortium consisting of engineers, chemists, material scientists, physicists and applied mathematicians to create accurate and robust fracture models that can be used across a variety of scales, materials, processes and disciplines. We will enhance the research and development work to be undertaken, providing a solid foundation for long term international and inter-sectoral collaboration.   High quality research and development work will be carried out via international and intersectoral secondments, facilitating the creation of professional networks and knowledge transfer.</subfield>
  </datafield>
  <datafield tag="909" ind1="C" ind2="O">
    <subfield code="o">oai:juser.fz-juelich.de:833075</subfield>
    <subfield code="p">authority:GRANT</subfield>
    <subfield code="p">authority</subfield>
  </datafield>
  <datafield tag="970" ind1=" " ind2=" ">
    <subfield code="a">oai:dnet:corda__h2020::a14c93f99a327049fbdb6381a68ab7e3</subfield>
  </datafield>
  <datafield tag="980" ind1=" " ind2=" ">
    <subfield code="a">G</subfield>
  </datafield>
  <datafield tag="980" ind1=" " ind2=" ">
    <subfield code="a">CORDIS</subfield>
  </datafield>
  <datafield tag="980" ind1=" " ind2=" ">
    <subfield code="a">AUTHORITY</subfield>
  </datafield>
  <datafield tag="909" ind1="C" ind2="O">
    <subfield code="o">oai:juser.fz-juelich.de:833075</subfield>
  </datafield>
</record>
</collection>